The Dollar Business (Record no. 90780)

MARC details
000 -LEADER
fixed length control field 00468nam a22001457a 4500
005 - DATE AND TIME OF LATEST TRANSACTION
control field 20150115163046.0
008 - FIXED-LENGTH DATA ELEMENTS--GENERAL INFORMATION
fixed length control field 150115b xxu||||| |||| 00| 0 eng d
040 ## - CATALOGING SOURCE
Original cataloging agency dpl
245 ## - TITLE STATEMENT
Title The Dollar Business
260 ## - PUBLICATION, DISTRIBUTION, ETC. (IMPRINT)
Place of publication, distribution, etc Telangana
Name of publisher, distributor, etc Vimbri Media Pvt ltd
300 ## - PHYSICAL DESCRIPTION
Extent v.
Dimensions 27 cm
Other physical details col.ill
310 ## - CURRENT PUBLICATION FREQUENCY
Current publication frequency monthly
270 ## - ADDRESS
Address 5-2-198/4,Distillery road,Raniganj,Secunderabad,
City Telengana
Country India
Postal code 500003
Telephone number 044-26216435
Fax number 04426216435
Electronic mail address thedollarbusiness.com
942 ## - ADDED ENTRY ELEMENTS (KOHA)
Source of classification or shelving scheme Dewey Decimal Classification
Item type English Books
Serial record 1
Holdings
Withdrawn status Lost status Source of classification or shelving scheme Damaged status Not for loan Collection code Home library Current library Date acquired Total Checkouts Date last seen Price effective from Koha item type
    Dewey Decimal Classification   Not For Loan Non-fiction D.B.Act.Division D.B.Act.Division 15/01/2015   15/01/2015 15/01/2015 Periodicals

© Delhi Public Library
Hit Counter
free hit counter